000 00789nam a22002297a 4500
003 UA-OsUOA
001 126198
007 ta
008 20171010b un ||||| |||| 00| 0 ukr d
090 _a94(477.87)
_bУ45
942 _cBK
040 _aUA-OsUOA
_bukr
_cUA-OsUOA
_dUA-OsUOA
245 _aУкраїнці-русини: етнолінгвістичні та етнокультурні процеси в історичному розвитку
_cгол. ред. Г. Скрипник
300 _a748 с.
955 _a1
041 _aukr
080 _a94(477.87)
020 _a978-966-02-6767-1
260 _aК.
_bМіжнародна асоціація україністів
_c2013
650 7 _a9 Географія. Біографії. Історія
_2UDC
999 _c413434
_d413434